000 01738nam a2200253Ia 4500
008 260220t1979||||xx |||||||||||||| ||spa||
020 _a8402065082
040 _aPY-SlUNAC
_bspa
_erda
041 _aspa
082 _a194
_bR762e
100 _aRousseau, Jean Jacques
_eAutor
245 0 _aEmilio o la educación /
_cpor Jean Jacques Rousseau [Autor]
264 _aBarcelona :
_bBruguera,
_c℗1979.
300 _a1 volumen
520 _a"Emilio o la educación" de Jean Jacques Rousseau es una obra fundamental que aborda la educación y el desarrollo humano desde una perspectiva filosófica y pedagógica. A través del relato de Emilio, un joven que se educa en un entorno natural y libre, Rousseau propone un modelo educativo que contrasta con las prácticas convencionales de su época. El autor argumenta que la educación debe respetar las etapas del desarrollo humano, promoviendo la autonomía y la moralidad en lugar de la mera instrucción académica. Rousseau enfatiza la conexión entre el individuo y la naturaleza, sosteniendo que el aprendizaje debe surgir de la experiencia y la observación. La obra también explora temas como la formación del carácter y la influencia de la sociedad en la educación. Al abogar por una educación basada en la libertad y la autoexploración, Rousseau establece las bases para futuras teorías educativas, convirtiendo este texto en una referencia esencial en el campo de la pedagogía y la filosofía de la educación.
653 _aEducación
653 _aFilósofos
653 _aLiteratura infantil
942 _b2026/02/17
_cBK
999 _c6837
_d6837